|
|
|
|
| LEADER |
01159nab#a2200325#ar4500 |
| 001 |
000073673 |
| 003 |
SVKKK |
| 005 |
19971006xxxxxxx. |
| 008 |
06 c xo huno |
| FMT |
|
|
|
| 038 |
|
|
|a SVKKK
|
| 040 |
|
|
|a SVKKK
|b slo
|e AACR2
|
| 041 |
0 |
|
|a hun
|
| 044 |
|
|
|a xo
|c SK
|
| 080 |
|
|
|a 296
|
| 080 |
|
|
|a 791.62
|
| 242 |
1 |
0 |
|a Úctivé výročie
|
| 245 |
0 |
0 |
|a Kegyeletes évforduló
|
| 500 |
|
|
|a mikrofilm
|
| 520 |
2 |
|
|a Správa o usporiadaní spomienkovej slávnosti venovanej mecénke židovského školstva v Humennom Karolíny (Lina) Kranzthor v Humennom dňa 3. 01. 1904. Prejav na slávnosti predniesol riaditeľ obecnej židovskej školy Samuel (Samu) Lengyel.
|
| 650 |
0 |
4 |
|a slávnosť spomienková - Humenné - 3.01.1904 - Kranzthor, Jánosné rod. Klein, Karolína (mecénka, ?-1895) - školstvo židovské - podporovanie - správy
|
| 773 |
0 |
|
|t Homonna és Vidéke : Vegyes tartalmu közmüvelődési, szépirodalmi és közgazdasági hetilap
|g Roč. 4, č. 2 (07.01.1904) s. 2
|
| 957 |
|
|
|a Humenné
|
| 958 |
|
|
|a CI
|
| 958 |
|
|
|a DG
|
| 958 |
|
|
|a SK
|
| 974 |
|
|
|a Ba
|d 19971006
|
| 992 |
|
|
|a RBX
|
| BAS |
|
|
|
| 998 |
|
|
|a RETRO
|